Climbing Shoe Brands - Statistics

General Stats
  • This quiz has been taken 69 times
  • The average score is 8 of 15
Answer Stats
Picture Answer % Correct
Black Diamond
90%
La Sportiva
88%
Scarpa
88%
Madrock
63%
Red Chili
58%
Tenaya
58%
Evolv
56%
Five Ten
56%
Ocun
46%
So iLL
46%
Unparallel
37%
Simond
22%
EB
19%
Boreal
15%
Butora
15%
No matching quizzes found
Score Distribution
Percent of People with Each Score
Percentile by Number Answered
Your Score History
You have not taken this quiz